00526nam a2200181Ia 4500008004100000020001500041082001300056100001400069245004100083250000800124260003300132300001200165500002400177650001500201942000700216952010400223999001700327230524s9999 xx 000 0 und d a8174463992 a4.6bSIN aB.D.Singh 0aIndustrial Relations and Labour Laws aIST aNEW DELHIbExcel Booksc2007 aXII;597 aQuantity Number: 1 aManagement cBK 00104070aTATCLbTATCLcGENd2023-05-24l0o004.6 SINp37404r2023-05-24w2023-05-24yBKzMBA305A c46553d46553